000 00618nam a2200181Ia 4500
001 24362
005 20260414151038.0
008 260414t2007||||xx |||||||||||||| ||spa||
041 _aESP
082 _a346C4
_bC73
100 _aTomaylla Rojas, Miriam Mabel (Ed.)
_eAUT
245 0 _aCódigo civil :
_bcódigo de los niños y adolescentes, ley de la garantía mobiliaria, reglamento de la ley de la garantía mobiliaria, régimen de propiedad y exclusiva común, legislación complementaria
260 _c2007
300 _a375 páginas :
_c24 cm.
650 _aDER
654 _aCDE
942 _cLIB
_dJUS
_fJUS
_2ddc
_n
999 _c24362
_d24362